000 00712nmc a2200253 a 4500
003 AR-BaBNM
005 20251128211047.0
008 132020s2002 ||||||||||||||000 | spa||
020 _a950-12-6525-0
040 _cAR-BaBNM
100 1 _aGrüner, Eduardo
245 1 0 _aEl fin de las pequeñas historias
_bde los estudios culturales al retorno (imposible) de lo trágico
260 _aBuenos Aires
_bPaidós
_c2002
300 0 _a416 p.
490 0 _aEspacios del saber
_vv. 25
650 4 _aMULTICULTURALISMO
650 4 _aPLURALISMO
650 4 _aCIENCIAS SOCIALES
650 4 _aTEORIA DE LA CULTURA
650 4 _aESTUDIOS CULTURALES
653 0 _aGLOBALIZACION
942 _cBK
998 _cmartín
999 _c18057
_d18057